[Event "Gausdal Jubilee"]
[Site "Gausdal"]
[Date "1982.??.??"]
[Round "6"]
[White "Kraidman, Yair"]
[Black "Ogaard, Leif"]
[Result "0-1"]
[WhiteElo "2440"]
[BlackElo "2485"]

1.d4 Nf6 2.c4 e6 3.Nf3 b6 4.Nc3 Bb7 5.e3 Bb4 6.Bd2 O-O 7.Bd3 c5 8.O-O cxd4
9.Nxd4 Nc6 10.Nxc6 Bxc6 11.Qc2 Rc8 12.Rfd1 Bd6 13.g3 Qc7 14.Rac1 Qb7 15.e4 Ng4
16.h3 Ne5 17.Be2 f5 18.Bf4 Bb8 19.exf5 Nf3+ 20.Bxf3 Bxf3 21.Bxb8 Bxd1 22.Rxd1 Rxb8
23.fxe6 dxe6 24.Ne4 Rbd8 25.Re1 h6 26.c5 Qc6 27.b4 Rd4 28.a3 Rf3 29.h4 Rxa3
30.h5 Rad3 31.Qe2 Qd5 32.cxb6 axb6 33.b5 Rd1 34.Rxd1 Rxd1+ 35.Kh2 Rd4 36.f3 Qxh5+
37.Kg2 Qd5 38.Qe3 e5 39.Qa3 Qxb5 40.Qa8+ Kh7 41.g4 Qe2+ 42.Kg3 Rd3  0-1

[Event "Halle-Buna"]
[Site "Halle"]
[Date "1982.??.??"]
[Round "6"]
[White "Gross, Stefan"]
[Black "Szekely, Peter"]
[Result "1/2-1/2"]
[WhiteElo "2405"]
[BlackElo "2430"]

1.d4 Nf6 2.c4 e6 3.Nf3 b6 4.Nc3 Bb4 5.Bd2 Bb7 6.e3 O-O 7.Bd3 d5 8.cxd5 exd5
9.Rc1 a6 10.Ne5 Re8 11.O-O Bf8 12.f4 c5 13.Be1 Qd6 14.Rf3 Nbd7 15.Rh3 g6
16.g4 b5 17.g5 Ne4 18.Bxe4 dxe4 19.Qg4 Nxe5 20.fxe5 Qe6 21.Qh4 h5 22.gxh6 Be7
23.h7+ Kh8  1/2-1/2

[Event "Hamar op"]
[Site "Hamar"]
[Date "1982.??.??"]
[Round "1"]
[White "Davies, Nigel R"]
[Black "Gudmundsson, Elvar"]
[Result "1/2-1/2"]
[WhiteElo "2410"]
[BlackElo "2320"]

1.d4 Nf6 2.Nf3 e6 3.c4 b6 4.Nc3 Bb7 5.Bg5 Be7 6.Qc2 d5 7.e3 O-O 8.O-O-O a6
9.h4 Nbd7 10.Kb1 h6 11.cxd5 Nxd5 12.Nxd5 Bxd5 13.Bxe7 Qxe7 14.Bd3  1/2-1/2

[Event "Hong Kong zt qual"]
[Site "Hong Kong"]
[Date "1982.??.??"]
[Round "?"]
[White "Torre, Eugenio"]
[Black "Goh Cheng Hong"]
[Result "1-0"]
[WhiteElo "2535"]
[BlackElo "2355"]

1.d4 Nf6 2.Nf3 e6 3.c4 b6 4.Nc3 Bb7 5.Bf4 Bb4 6.Qb3 Bxc3+ 7.bxc3 d6 8.e3 O-O
9.Be2 Nbd7 10.O-O Ne4 11.Rad1 Qe7 12.h3 Rfe8 13.Bh2 Ng5 14.Nd2 e5 15.Qc2 h6
16.Bg3 g6 17.Rfe1 a5 18.f4 exf4 19.exf4 Qe3+ 20.Kh2 Ne4 21.Nxe4 Qxe4 22.Bd3 Qc6
23.d5 Qc5 24.Bf2 Rxe1 25.Rxe1 Qa3 26.Bxg6  1-0

[Event "Luzern ol (Men)"]
[Site "Luzern"]
[Date "1982.??.??"]
[Round "3"]
[White "Franco Ocampo, Zenon"]
[Black "Helmers, Knut J"]
[Result "1-0"]
[WhiteElo "2485"]
[BlackElo "2425"]

1.d4 Nf6 2.c4 e6 3.Nf3 b6 4.Nc3 Bb7 5.a3 d5 6.cxd5 Nxd5 7.Qc2 c5 8.e4 Nxc3
9.bxc3 Nc6 10.Bb2 Be7 11.Rd1 O-O 12.d5 exd5 13.exd5 Na5 14.Bd3 Bf6 15.O-O h6
16.c4 Bxb2 17.Qxb2 Ba6 18.Ne5 Qf6 19.f4 Rad8 20.Qc2 Rfe8 21.Kh1 Bc8 22.Rde1 Re7
23.g4 Qd6 24.Bh7+ Kh8 25.Bf5 Bxf5 26.Qxf5 Kg8 27.g5 g6 28.Qf6 Qxf6 29.gxf6 Ree8
30.f5 g5 31.h4 Rd6 32.Rg1 Kf8 33.hxg5 hxg5 34.Rxg5 Rxe5 35.Rxe5 Nxc4 36.Re7 Rxf6
37.Rxa7 Rd6 38.a4 Ne3 39.f6 Rxf6 40.Ra8+  1-0

[Event "Luzern ol (Men)"]
[Site "Luzern"]
[Date "1982.??.??"]
[Round "3"]
[White "Polugaevsky, Lev"]
[Black "Kavalek, Lubomir"]
[Result "1-0"]
[WhiteElo "2610"]
[BlackElo "2570"]

1.d4 Nf6 2.c4 e6 3.Nf3 b6 4.Nc3 Bb4 5.Qc2 Bb7 6.a3 Bxc3+ 7.Qxc3 O-O 8.e3 d6
9.b4 Nbd7 10.Bb2 Qe7 11.Bd3 Rfe8 12.O-O e5 13.Nd2 c5 14.bxc5 bxc5 15.d5 Nb6
16.a4 Ba6 17.e4 Rab8 18.Rfb1 Qc7 19.Qc2 Bc8 20.Bc3 Bd7 21.a5 Na8 22.Rxb8 Rxb8
23.Rb1 Rxb1+ 24.Qxb1 Ne8 25.Nf1 Qc8 26.Ne3 Nac7 27.g3 Na6 28.f4 f6 29.Kf2 Qb8
30.Qxb8 Nxb8 31.h4 Kf7 32.Nc2 Ke7 33.Na3 a6 34.Bc2 Bc8 35.Nb1 Bd7 36.Nd2 Bc8
37.Nf1 Bd7 38.Ne3 Kf7 39.Bd1 Ke7 40.Bd2 Kf7 41.Ng2 Ke7 42.f5 Bc8 43.g4 h6
44.Ne1 Kd8 45.Nf3 Nd7 46.g5 hxg5 47.hxg5 fxg5 48.Nxg5 Ndf6 49.Kg3 Bd7 50.Kh4 Ke7
51.Bc2 Kf8 52.Ne6+ Kf7 53.Be3 g6 54.Bg5 gxf5 55.exf5 Ke7 56.Bd1 Kf7 57.Bh6 Bc8
58.Bc1 Bd7 59.Kg5 Bc8 60.Kh6 Ng8+ 61.Kh7 Ngf6+ 62.Kh8 Ke7 63.Bg5 Kf7 64.Ba4 Bd7
65.Bc6 Bxc6 66.dxc6 d5 67.c7 Nd6 68.Nd8+ Ke7 69.Nb7 Nc8 70.Kg7 Kd7 71.Bxf6 Kxc7
72.Bxe5+ Kxb7 73.f6  1-0

[Event "Luzern ol (Men)"]
[Site "Luzern"]
[Date "1982.??.??"]
[Round "7"]
[White "Polugaevsky, Lev"]
[Black "Unzicker, Wolfgang"]
[Result "1/2-1/2"]
[WhiteElo "2610"]
[BlackElo "2465"]

1.d4 Nf6 2.c4 e6 3.Nf3 b6 4.Nc3 Bb7 5.a3 Ne4 6.Nxe4 Bxe4 7.Nd2 Bb7 8.e4 Qf6
9.e5 Qd8 10.Nf3 d5 11.Be3 Nd7 12.cxd5 Bxd5 13.Bd3 c5 14.O-O Be7 15.Nd2 O-O
16.Ne4 cxd4 17.Bxd4 Rc8 18.Qe2 Nc5 19.Nf6+ Bxf6 20.exf6 Nxd3 21.Qxd3 gxf6
22.Rac1 Rxc1 23.Rxc1 e5 24.Bxe5 fxe5 25.Rd1 Qd6 26.Qxd5 Qxd5 27.Rxd5 Rc8
28.g3 Rc2 29.b4 Ra2 30.Rxe5 Rxa3 31.b5 Kg7 32.Kg2 Kf6 33.f4 Ra2+ 34.Kh3 Rf2
35.Rh5 Kg6 36.Rd5 h6 37.Rd6+ Kg7 38.Rd7 Rb2 39.Rd5 Rf2 40.Rf5 Kg6 41.Rd5 Kf6
42.Rd6+ Kg7 43.Rd7 Rb2 44.Rxa7 Rxb5 45.Kh4 h5  1/2-1/2

[Event "Luzern ol (Men)"]
[Site "Luzern"]
[Date "1982.??.??"]
[Round "14"]
[White "Li Zunian"]
[Black "Cifuentes Parada, Roberto"]
[Result "0-1"]
[WhiteElo "2410"]
[BlackElo "2415"]

1.d4 Nf6 2.Nf3 e6 3.c4 b6 4.Nc3 Bb7 5.a3 Ne4 6.Nxe4 Bxe4 7.e3 Be7 8.Bd3 Bxd3
9.Qxd3 d5 10.e4 O-O 11.O-O dxe4 12.Qxe4 Nd7 13.Re1 Re8 14.b4 Nf6 15.Qe2 c6
16.Bd2 Qc7 17.Rad1 a5 18.bxa5 bxa5 19.c5 Nd5 20.Rb1 a4 21.Qd3 h6 22.Ne5 Bf6
23.Nc4 Reb8 24.g3 Rxb1 25.Rxb1 Rb8 26.Be3 Qa7 27.Nd6 Be7 28.Nc4 Bf6 29.Nd6 Rxb1+
30.Qxb1 e5 31.Ne4 exd4 32.Nxf6+ Nxf6 33.Bxd4 Nd5 34.Qf5 Qb8 35.h4 Qe8 36.Qg4 f6
37.h5 Kf7 38.Qd1 Qa8 39.Qb1 Qa6 40.Qg6+ Kf8 41.Qf5 Ne7 42.Qc2 Qb5 43.Be3 Qb3
44.Qc1 Kf7 45.Bf4 Nd5 46.Bd6 Nc3 47.Qe1 Qb1 48.Kf1 Qxe1+ 49.Kxe1 Nb1 50.Bf4 Nxa3
51.Kd2 Nb5 52.g4 Ke6 53.Be3 Kd5  0-1

[Event "Marbella zt-B"]
[Site "Marbella"]
[Date "1982.??.??"]
[Round "1"]
[White "Van der Sterren, Paul"]
[Black "Stean, Michael"]
[Result "0-1"]
[WhiteElo "2470"]
[BlackElo "2505"]

1.d4 Nf6 2.c4 e6 3.Nf3 b6 4.Nc3 Bb4 5.e3 Bb7 6.Bd3 O-O 7.O-O d5 8.a3 Bd6
9.b4 dxc4 10.Bxc4 Nbd7 11.Re1 a5 12.b5 e5 13.Bb2 e4 14.Nd2 Qe7 15.Be2 Rad8
16.f4 Nd5 17.Nc4 Nxc3 18.Bxc3 Bd5 19.Bb2 f5 20.Qc2 Qe6 21.h3 h6 22.g4 Nf6
23.Rf1 fxg4 24.f5 Qe7 25.Ne5 gxh3 26.Ng6 Qf7 27.Nxf8 Rxf8 28.Qd1 g5 29.a4 Kh7
30.Ba3 Qe7 31.Qc1 h5 32.Kh1 Rf7 33.Bc4 Bxa3 34.Rxa3 Qd6 35.Rc3 Bxc4 36.Rxc4 Nd5
37.Qd1 g4 38.Qe2 Qg3 39.Rfc1 Rxf5  0-1

[Event "Minsk"]
[Site "Minsk"]
[Date "1982.??.??"]
[Round "?"]
[White "Inkiov, Ventzislav"]
[Black "Psakhis, Lev"]
[Result "1-0"]
[WhiteElo "2495"]
[BlackElo "2545"]

1.d4 Nf6 2.Nf3 e6 3.c4 b6 4.Nc3 Bb4 5.e3 Ne4 6.Qc2 Bb7 7.Bd3 f5 8.O-O Bxc3
9.bxc3 O-O 10.Ne1 c5 11.f3 Ng5 12.d5 Qf6 13.e4 f4 14.e5 Qh6 15.Be4 d6 16.exd6 e5
17.Nd3 Nxe4 18.fxe4 Qxd6 19.Bxf4 exf4 20.e5 Qh6 21.e6 Na6 22.Rae1 Nc7 23.Qe2 Rae8
24.Qg4 Bxd5 25.e7 Be6 26.exf8=Q+ Rxf8 27.Qd1 Rd8 28.Rxf4 Qg6 29.Qf3 h6 30.Ne5 Qc2
31.h4 Re8 32.Rf1 Kh7 33.Qc6 Rc8 34.Nd7 Qxc3 35.Qe4+ Kh8 36.Ne5 Qd4+ 37.Qxd4 cxd4
38.Rxd4 Kh7 39.h5 b5 40.c5 Bxa2 41.c6 Be6 42.Ng6 a5 43.Rf8 Rxf8 44.Nxf8+ Kg8
45.Nxe6 Nxe6 46.Rd7  1-0

[Event "Moscow-ch"]
[Site "Moscow"]
[Date "1982.??.??"]
[Round "2"]
[White "Savon, Vladimir A"]
[Black "Aseev, Konstantin N"]
[Result "1-0"]
[WhiteElo "2485"]
[BlackElo "2295"]

1.d4 Nf6 2.c4 e6 3.Nf3 b6 4.Nc3 Bb4 5.Qb3 a5 6.e3 O-O 7.Be2 Bb7 8.O-O d5
9.cxd5 exd5 10.Qc2 Nbd7 11.a3 Be7 12.b3 c5 13.Bb2 Rc8 14.dxc5 bxc5 15.Rfd1 Bd6
16.Qf5 Qe7 17.Bb5 Ne5 18.Nxe5 Qxe5 19.Qxe5 Bxe5 20.Rac1 Ne4 21.Na4 Bxb2 22.Nxb2 Rc7
23.Na4 Rfc8 24.Nb6 Rd8 25.f3 Nf6 26.e4 Kf8 27.exd5 Rd6 28.Nc4 Rxd5 29.Nxa5 Rxd1+
30.Rxd1 Bd5 31.a4 Ke7 32.Nc4 Rb7 33.Rd3 h6 34.Kf2 g5 35.Ne3 Be6 36.Bc4 Nd7
37.Bxe6 fxe6 38.Ke2 Rb4 39.Rc3 Kd6 40.Nc4+ Ke7 41.Nd2  1-0

[Event "Moscow-ch"]
[Site "Moscow"]
[Date "1982.??.??"]
[Round "6"]
[White "Andrianov, Nikolai"]
[Black "Antoshin, Vladimir S"]
[Result "1/2-1/2"]
[WhiteElo "2435"]
[BlackElo "2360"]

1.d4 Nf6 2.c4 e6 3.Nf3 b6 4.Nc3 Bb4 5.Qb3 Qe7 6.Bg5 Bb7 7.e3 h6 8.Bxf6 Bxc3+
9.Qxc3 Qxf6 10.Be2 O-O 11.O-O d6 12.Rac1 Nd7 13.Nd2 e5 14.d5 a5 15.Bg4 Nc5
16.f4 Qg6 17.Bd1 Bc8 18.Bc2 Bf5 19.Bxf5 Qxf5 20.e4 Qd7  1/2-1/2

[Event "Bohemians"]
[Site "Prague"]
[Date "1982.??.??"]
[Round "2"]
[White "Padevsky, Nikola"]
[Black "Prandstetter, Eduard"]
[Result "1/2-1/2"]
[WhiteElo "2435"]
[BlackElo "2410"]

1.Nf3 e6 2.c4 Nf6 3.d4 b6 4.Nc3 Bb7 5.Bg5 Be7 6.e3 Ne4 7.Bxe7 Qxe7 8.Qc2 Nxc3
9.Qxc3 O-O 10.Be2 d6 11.O-O Nd7 12.Rfd1 Nf6 13.Nd2 c5 14.Bf3 Bxf3  1/2-1/2

[Event "BUL-ch"]
[Site "Sofia"]
[Date "1982.??.??"]
[Round "12"]
[White "Spassov, Liuben"]
[Black "Georgiev, Kiril"]
[Result "1/2-1/2"]
[WhiteElo "2450"]
[BlackElo "2380"]

1.Nf3 Nf6 2.c4 e6 3.Nc3 b6 4.d4 Bb7 5.a3 Ne4 6.Nxe4 Bxe4 7.e3 Be7 8.Bd3 Bxd3
9.Qxd3 d5 10.e4 O-O 11.O-O dxe4 12.Qxe4 Nd7 13.Bf4 Nf6 14.Qe2 c5 15.Rfd1 cxd4
16.Nxd4 Qc8 17.Rac1 Re8 18.Qf3 Nd7 19.Nb5 e5 20.Be3 Nc5 21.Qg3 Ne4 22.Qf3 Nc5
23.Qe2 Qc6 24.b4 Ne6 25.Qf3 e4 26.Qe2  1/2-1/2

[Event "Hoogovens-B"]
[Site "Wijk aan Zee"]
[Date "1982.??.??"]
[Round "4"]
[White "Ligterink, Gert"]
[Black "Langeweg, Kick"]
[Result "1/2-1/2"]
[WhiteElo "2455"]
[BlackElo "2410"]

1.d4 Nf6 2.c4 e6 3.Nf3 b6 4.Nc3 Bb7 5.a3 g6 6.Bg5 Bg7 7.e3 h6 8.Bh4 O-O 9.Bd3 c5
10.O-O cxd4 11.Nxd4 Nc6 12.Nxc6 dxc6 13.c5 bxc5 14.Na4 g5 15.Bg3 c4 16.Bxc4 Ne4
17.Qc2 c5 18.Bd3 Nxg3 19.hxg3 Rc8 20.Rfd1 Qa5 21.Rac1 c4 22.Bxc4  1/2-1/2

[Event "Hoogovens-B"]
[Site "Wijk aan Zee"]
[Date "1982.??.??"]
[Round "5"]
[White "Davies, Nigel R"]
[Black "Langeweg, Kick"]
[Result "1-0"]
[WhiteElo "2410"]
[BlackElo "2410"]

1.d4 Nf6 2.Nf3 e6 3.c4 b6 4.Nc3 Bb4 5.Bg5 h6 6.Bh4 Bb7 7.Qb3 a5 8.O-O-O Qe7
9.e3 a4 10.Nxa4 Bc6 11.Nc3 Bxc3 12.Qxc3 Rxa2 13.Bd3 Na6 14.Bb1 Ra5 15.Ne5 Nb4
16.Ng4 Ra1 17.Nxf6+ gxf6 18.Kd2 Rg8 19.Rhg1 d5 20.f3 dxc4 21.e4 Bb5 22.Ke3 Ra4
23.Kf2 Qd6 24.Bxf6 Qxh2 25.Be5 Qh4+ 26.g3 Qe7 27.d5 Nd3+ 28.Bxd3 cxd3 29.Qxc7 Qxc7
30.Bxc7 exd5 31.exd5 Rc4 32.Ra1 Rc2+ 33.Ke3 Kd7 34.Be5 Rg6 35.Ra7+ Ke8 36.Rga1 Re2+
37.Kd4 d2 38.Ra8+ Ke7 39.Bf4 h5 40.Rd1 h4 41.gxh4 Rf2 42.h5 Rgg2 43.Ra3  1-0

[Event "Hoogovens-B"]
[Site "Wijk aan Zee"]
[Date "1982.??.??"]
[Round "7"]
[White "Langeweg, Kick"]
[Black "Scheeren, Peter"]
[Result "1/2-1/2"]
[WhiteElo "2410"]
[BlackElo "2430"]

1.d4 Nf6 2.c4 e6 3.Nf3 b6 4.Nc3 Bb4 5.Bg5 Bb7 6.Rc1 h6 7.Bxf6 Qxf6 8.e3 c5
9.dxc5 Bxc5 10.a3 O-O 11.Be2 Rd8 12.O-O a5 13.Qc2 Na6 14.Rfd1 Bf8 15.Nd4  1/2-1/2

[Event "Hoogovens-B"]
[Site "Wijk aan Zee"]
[Date "1982.??.??"]
[Round "9"]
[White "Langeweg, Kick"]
[Black "Vogel, Jaap"]
[Result "1-0"]
[WhiteElo "2410"]
[BlackElo "2335"]

1.d4 e6 2.c4 Nf6 3.Nf3 b6 4.Nc3 Bb4 5.Bg5 h6 6.Bh4 Bb7 7.e3 Qe7 8.Bd3 Bxc3+
9.bxc3 d6 10.Bxf6 Qxf6 11.O-O e5 12.Nd2 Qe7 13.Qg4 Nd7 14.Rae1 g6 15.f4 O-O-O
16.fxe5 dxe5 17.Be4 Bxe4 18.Qxe4 Kb8 19.Qc6 Rhf8 20.c5 Nxc5 21.Nc4 Qd7 22.Nxe5 Qd5
23.Qxd5 Rxd5 24.Nxg6  1-0

[Event "Yerevan"]
[Site "Yerevan"]
[Date "1982.??.??"]
[Round "8"]
[White "Sturua, Zurab"]
[Black "Vladimirov, Evgeny"]
[Result "1/2-1/2"]
[WhiteElo "2440"]
[BlackElo "2495"]

1.d4 Nf6 2.Nf3 e6 3.c4 b6 4.Nc3 Bb4 5.Bg5 Bb7 6.e3 h6 7.Bh4 g5 8.Bg3 Ne4
9.Qc2 Bxc3+ 10.bxc3 Nxg3 11.hxg3 Nc6 12.Bd3 Qe7 13.Rb1 O-O-O 14.c5 d6 15.cxb6 cxb6
16.Qe2 Kb8 17.Nd2  1/2-1/2

[Event "Yerevan"]
[Site "Yerevan"]
[Date "1982.??.??"]
[Round "14"]
[White "Farago, Ivan"]
[Black "Vladimirov, Evgeny"]
[Result "1/2-1/2"]
[WhiteElo "2485"]
[BlackElo "2495"]

1.d4 Nf6 2.c4 e6 3.Nf3 b6 4.Nc3 Bb7 5.a3 d5 6.cxd5 Nxd5 7.e3 Be7 8.Bb5+ c6
9.Bd3 Nxc3 10.bxc3 c5 11.Bb2 Nc6 12.Qe2 O-O 13.O-O Bf6 14.Rad1 Qe7 15.e4 e5
16.d5 Na5 17.Rb1 Bc8 18.h3 Bd7 19.c4 Nb7 20.Kh2 Nd6 21.g3 g6 22.Nd2 Bg7 23.f4 Rae8
24.f5 Rb8 25.Bc2  1/2-1/2

[Event "Albena"]
[Site "Albena"]
[Date "1983.??.??"]
[Round "?"]
[White "Lalev, Dimitar"]
[Black "Gipslis, Aivars"]
[Result "1/2-1/2"]
[WhiteElo "2450"]
[BlackElo "2475"]

1.d4 Nf6 2.c4 e6 3.Nf3 b6 4.Nc3 Bb7 5.a3 d5 6.cxd5 exd5 7.g3 Be7 8.Qa4+ c6
9.Bg2 O-O 10.O-O Nbd7 11.Bf4 a6 12.Rad1 b5 13.Qc2 a5 14.Ne5 Ra6 15.a4 b4
16.Na2 c5 17.Nxd7 Nxd7 18.dxc5 Nxc5 19.Nc1 Qa8 20.Be3 Rc8 21.Bxc5 Bxc5  1/2-1/2

[Event "Baku"]
[Site "Baku"]
[Date "1983.??.??"]
[Round "?"]
[White "Toshkov, Tihomir"]
[Black "Short, Nigel D"]
[Result "0-1"]
[WhiteElo "2375"]
[BlackElo "2475"]

1.d4 Nf6 2.Nf3 e6 3.c4 b6 4.Nc3 Bb4 5.Qc2 Bb7 6.a3 Bxc3+ 7.Qxc3 d6 8.b4 Nbd7
9.e3 O-O 10.Bb2 Qe7 11.Bd3 c5 12.O-O cxd4 13.Nxd4 Rac8 14.Rfd1 Ne5 15.Nb5 Nxd3
16.Qxd3 d5 17.Nxa7 Rxc4 18.Nb5 Ba6 19.Nd4 Rxb4 20.Qxa6 Rxb2 21.Rdb1 Rxb1+
22.Rxb1 Qc5 23.a4 Rc8 24.h3 Nd7 25.Nb5 h6 26.Rb3 Qc2 27.Nd4 Qd1+ 28.Kh2 Rc1
29.Kg3 Nc5 30.Qa8+ Kh7 31.Rxb6 Ne4+ 32.Kf4 Qh5 33.Nxe6 fxe6 34.Rxe6 Qg5+
35.Kf3  0-1

[Event "Bayamo"]
[Site "Bayamo"]
[Date "1983.??.??"]
[Round "?"]
[White "Rivas Pastor, Manuel"]
[Black "Frias, Victor J"]
[Result "1/2-1/2"]
[WhiteElo "2465"]
[BlackElo "2440"]

1.d4 Nf6 2.c4 e6 3.Nf3 b6 4.Nc3 Bb7 5.a3 d5 6.cxd5 Nxd5 7.Qc2 Nd7 8.e4 Nxc3
9.bxc3 c5 10.Bd3 Be7 11.O-O Qc7 12.Qe2 O-O 13.a4 Rfe8 14.Be3 Rac8 15.Nd2 g6
16.f3 Bd6 17.e5 Be7 18.Ne4 f5 19.exf6 Nxf6 20.Bb5 Bc6 21.Nxf6+ Bxf6 22.Bf2 cxd4
23.cxd4 Qd7 24.Rfd1 Red8 25.Kh1 a5 26.Rab1 Bxb5 27.Rxb5 Rc6 28.d5 exd5 29.Bxb6 Re8
30.Qa2 Qe6 31.Bxa5 d4 32.Qxe6+ Rexe6 33.Rd5 Re2 34.Bd8 Be5 35.Bg5 Rcc2 36.f4 Rxg2
37.Rxe5 Rxh2+ 38.Kg1 Rcg2+ 39.Kf1 Rf2+ 40.Kg1 Rhg2+ 41.Kh1 Rh2+ 42.Kg1 Rhg2+
43.Kh1  1/2-1/2

[Event "Bayamo"]
[Site "Bayamo"]
[Date "1983.??.??"]
[Round "?"]
[White "Hernandez, Roman"]
[Black "Sisniega, Marcel"]
[Result "1-0"]
[WhiteElo "2435"]
[BlackElo "2455"]

1.d4 Nf6 2.Nf3 e6 3.c4 b6 4.Nc3 Bb4 5.e3 Bb7 6.Bd3 O-O 7.O-O Bxc3 8.bxc3 Be4
9.Be2 d6 10.Ne1 c5 11.f3 Bb7 12.e4 Nbd7 13.Nc2 Rc8 14.a4 Ne8 15.Ne3 a5 16.Bd3 g6
17.d5 e5 18.Ra2 Ng7 19.g4 f6 20.h4 Qe7 21.Rh2 Kf7 22.Ng2 Ke8 23.Bh6 Kd8 24.f4 Kc7
25.f5 Rh8 26.Ne3 Rcf8 27.Kf2 Rf7 28.Ke1 Bc8 29.Kd2 Nb8 30.Kc2 Kb7 31.Kb3 Na6
32.Rhf2 Nc7 33.Be2 Nce8 34.Ka3 Bd7 35.Qb3 Nc7 36.Bd1 Ka7 37.g5 gxf5 38.exf5 Nce8
39.Bg4 Ka6 40.Rb2  1-0

[Event "Bor"]
[Site "Bor"]
[Date "1983.??.??"]
[Round "8"]
[White "Djukic, Zeljko"]
[Black "Marjanovic, Slavoljub"]
[Result "1/2-1/2"]
[WhiteElo "2370"]
[BlackElo "2465"]

1.d4 Nf6 2.c4 e6 3.Nf3 b6 4.Nc3 Bb4 5.Qc2 Bb7 6.a3 Bxc3+ 7.Qxc3 O-O 8.b4 a5
9.b5 d6 10.e3 Nbd7 11.Be2 Ne4 12.Qc2 f5 13.Bb2 Kh8 14.O-O Ndf6 15.a4 Qe7  1/2-1/2

[Event "Bratislava"]
[Site "Bratislava"]
[Date "1983.??.??"]
[Round "14"]
[White "Vera, Reynaldo"]
[Black "Prandstetter, Eduard"]
[Result "0-1"]
[WhiteElo "2450"]
[BlackElo "2440"]

1.d4 Nf6 2.Nf3 e6 3.c4 b6 4.Nc3 Bb7 5.e3 d5 6.Bd3 Bd6 7.O-O O-O 8.Re1 Ne4
9.Qc2 f5 10.cxd5 exd5 11.Nb5 Ba6 12.Nxd6 Bxd3 13.Qxd3 Qxd6 14.Ne5 Nd7 15.Nxd7 Qxd7
16.f3 Nf6 17.Bd2 c6 18.Rac1 Rfe8 19.Rc3 g6 20.Rec1 Rac8 21.a4 Qb7 22.Qc2 Re6
23.Be1 a6 24.Bg3 Nd7 25.Bf4 b5 26.axb5 axb5 27.Ra3 Ra8 28.Rca1 Ree8 29.h3 Rxa3
30.Rxa3 Ra8 31.Rc3 Ra6 32.Kh2 Rb6 33.g4 fxg4 34.hxg4 b4 35.Rb3 Qa6 36.Bd6 Qf1
37.Kg3 Nf8 38.Rd3 Qg1+ 39.Qg2 Qc1 40.Qf2  0-1

[Event "Buenos Aires-B"]
[Site "Buenos Aires"]
[Date "1983.??.??"]
[Round "2"]
[White "Monier, Raul"]
[Black "Tempone, Marcelo"]
[Result "1/2-1/2"]
[WhiteElo "2200"]
[BlackElo "2330"]

1.d4 Nf6 2.c4 e6 3.Nf3 b6 4.Nc3 Bb4 5.g3 Bb7 6.Bg2 O-O 7.O-O Bxc3 8.bxc3 d6
9.a4 Nc6 10.Nd2 Na5 11.Bxb7 Nxb7 12.e4 Na5 13.f4 e5 14.Ba3 Re8 15.Qf3 Qd7
16.Qd3 c5 17.Bb2 Qh3 18.f5 Ng4 19.Qe2 cxd4 20.cxd4 Rac8  1/2-1/2

[Event "Frunze"]
[Site "Frunze"]
[Date "1983.??.??"]
[Round "?"]
[White "Velikov, Petar"]
[Black "Schneider, Attila"]
[Result "1/2-1/2"]
[WhiteElo "2475"]
[BlackElo "2385"]

1.d4 Nf6 2.c4 e6 3.Nf3 b6 4.Nc3 Bb7 5.e3 d5 6.Bd3 Nbd7 7.O-O Bd6 8.Qe2 O-O
9.Rd1 Ne4 10.Qc2 Nxc3 11.bxc3 Nf6 12.Bb2 Qe7 13.cxd5 exd5 14.c4 dxc4 15.Bxc4 Be4
16.Bd3 Bd5 17.Re1 Rae8 18.Ne5 c5 19.Bc4 Bb7 20.e4 Rc8 21.Nxf7 Rxf7 22.Bxf7+ Qxf7
23.e5 Bc7 24.exf6 Qh5 25.Re5 Bxe5 26.dxe5 gxf6 27.Qc4+ Qf7 28.e6 Qg6 29.g3 Qf5
30.e7+ Bd5 31.Qe2 Kf7 32.Re1 Re8 33.a3 Qf3 34.Qxf3 Bxf3 35.Re3 Bc6 36.f4 Rxe7
37.Rxe7+ Kxe7 38.g4 b5 39.Kf2 a5 40.Ke3 b4 41.h4 Bd5 42.f5 Bg2 43.axb4 axb4
44.Ba1 Bh3 45.Kf4 Bf1 46.Ke3 Bb5 47.Bb2 Ba4 48.Ke4 Bc6+ 49.Ke3 Bd5 50.Ba1 Bb3
51.Kf4 Bf7 52.Bb2 Bg8 53.Ba1 Ba2 54.Bb2 Bc4 55.Ke3 Kf7 56.Ba1 Bb3 57.Ke4 Ke7
58.Bb2 Bc4 59.Ke3 Bf7 60.Ke4 c4 61.Bd4 Kd6 62.Bxf6 Kc5 63.h5 c3 64.Kd3 Bc4+
65.Ke3 Ba2 66.g5 Bg8 67.h6 Kc4 68.g6 b3 69.Bxc3 Kxc3 70.f6 b2 71.f7 Bxf7
72.gxh7 b1=Q 73.h8=Q+ Kc4 74.Qd4+ Kb5 75.Qd7+ Kb6  1/2-1/2

[Event "Frunze"]
[Site "Frunze"]
[Date "1983.??.??"]
[Round "?"]
[White "Rashkovsky, Nukhim N"]
[Black "Csom, Istvan"]
[Result "0-1"]
[WhiteElo "2495"]
[BlackElo "2505"]

1.d4 e6 2.Nf3 Nf6 3.c4 b6 4.Nc3 Bb4 5.Bg5 Bb7 6.e3 h6 7.Bh4 g5 8.Bg3 Ne4
9.Qc2 Bxc3+ 10.bxc3 Nxg3 11.fxg3 Nc6 12.Bd3 g4 13.Nh4 Qg5 14.Qe2 Rg8 15.O-O Rg7
16.Rab1 Ba6 17.c5 Bxd3 18.Qxd3 bxc5 19.Rb5 d6 20.Rb7 Kd7 21.e4 c4 22.Qe2 a6
23.Kh1 d5 24.exd5 Qxd5 25.Qe3 h5 26.Rb2 Nd8 27.Re2 Rb8 28.Qc1 Rg5 29.Qc2 Rb6
30.Qh7 Kc8 31.Qh8 Qd7 32.Kg1 Rd5 33.h3 gxh3 34.gxh3 Rg5 35.Kh2 Qd6 36.Rf4 Qa3
37.Rff2 Qxc3 38.Nf3 Rf5 39.Rc2 Qa3 40.Kg2 Qd3 41.Rcd2 Qe4  0-1

[Event "Frunze"]
[Site "Frunze"]
[Date "1983.??.??"]
[Round "?"]
[White "Zilberman, Nathan R"]
[Black "Schneider, Attila"]
[Result "1-0"]
[WhiteElo "2400"]
[BlackElo "2385"]

1.d4 Nf6 2.Nf3 e6 3.c4 b6 4.Nc3 Bb7 5.a3 d5 6.cxd5 exd5 7.Bf4 Bd6 8.Bxd6 Qxd6
9.e3 a6 10.Ne5 O-O 11.Bd3 c5 12.O-O c4 13.Bc2 b5 14.f4 Ne4 15.Nxe4 dxe4 16.f5 f6
17.Ng4 Re8 18.Rf4 Bd5 19.Nf2 Qc6 20.Qg4 Nd7 21.Re1 c3 22.b3 Re7 23.Qg3 a5
24.Rg4 b4 25.a4 Nb6 26.Ra1 Qb7 27.Nh3 Qd7 28.Nf4 Qxf5 29.Rf1 Rf8 30.Ng6 Qe6
31.Nxf8 Kxf8 32.Rff4 Qc6 33.Qh4 Nxa4 34.Qxh7 Nb2 35.Qh8+ Bg8 36.Rxe4 Qd6
37.d5 Rf7 38.Re6  1-0

[Event "Havana"]
[Site "Havana"]
[Date "1983.??.??"]
[Round "12"]
[White "Hernandez, Roman"]
[Black "Vilela, Jose Luis"]
[Result "1/2-1/2"]
[WhiteElo "2435"]
[BlackElo "2440"]

1.d4 Nf6 2.c4 e6 3.Nf3 b6 4.Nc3 Bb4 5.e3 Bb7 6.Bd3 O-O 7.O-O d5 8.a3 Bxc3
9.bxc3 dxc4 10.Bxc4 Nbd7 11.Qe2 c5 12.Ba6 Qc8 13.Bxb7 Qxb7  1/2-1/2

[Event "URS-ch sf"]
[Site "Irkutsk"]
[Date "1983.??.??"]
[Round "?"]
[White "Bykhovsky, Avigdor"]
[Black "Kuzmin, Gennadi P"]
[Result "1/2-1/2"]
[WhiteElo "2445"]
[BlackElo "2510"]

1.d4 Nf6 2.c4 e6 3.Nf3 b6 4.Nc3 Bb4 5.Qc2 Bb7 6.a3 Bxc3+ 7.Qxc3 a5 8.b3 d6
9.Bb2 Nbd7 10.e3 O-O 11.Be2 Ne4 12.Qc2 f5 13.O-O Ng5 14.d5 Nxf3+ 15.Bxf3 Qg5
16.e4 f4 17.Qd1 Ne5 18.Bxe5 Qxe5 19.Bg4 Bc8  1/2-1/2

[Event "URS-ch sf"]
[Site "Irkutsk"]
[Date "1983.??.??"]
[Round "?"]
[White "Chekhov, Valery A"]
[Black "Palatnik, Semon"]
[Result "1-0"]
[WhiteElo "2510"]
[BlackElo "2480"]

1.d4 Nf6 2.Nf3 e6 3.c4 b6 4.Nc3 Bb7 5.g3 Bb4 6.Bg2 O-O 7.O-O Bxc3 8.bxc3 d6
9.Bg5 Nbd7 10.a4 a5 11.Qb3 Qe7 12.Rae1 h6 13.Bxf6 Nxf6 14.Nd2 Bxg2 15.Kxg2 e5
16.e4 Rae8 17.f3 Nh7 18.Rf2 Qf6 19.Qb2 Ng5 20.Nf1 Qe6 21.h4 Qh3+ 22.Kg1 Nh7
23.Qb5 Qc8 24.Ne3 exd4 25.cxd4 f5 26.Qd5+ Kh8 27.exf5 Rxf5 28.Qxf5 Qxf5 29.Nxf5 Rxe1+
30.Rf1 Rxf1+ 31.Kxf1 Nf6 32.Ke2 Kg8 33.Ne7+ Kf7 34.Nd5 Nxd5 35.cxd5 g5 36.hxg5 hxg5
37.Kd3 Ke7 38.Kc4 Ke8 39.Kb5 Kd7 40.f4 gxf4 41.gxf4 Kc8 42.Kc6  1-0

[Event "URS-ch sf"]
[Site "Irkutsk"]
[Date "1983.??.??"]
[Round "?"]
[White "Kharitonov, Andrei Y"]
[Black "Vladimirov, Evgeny"]
[Result "1-0"]
[WhiteElo "2430"]
[BlackElo "2500"]

1.d4 Nf6 2.c4 e6 3.Nf3 b6 4.Nc3 Bb7 5.a3 d5 6.cxd5 exd5 7.g3 Be7 8.Bg2 O-O
9.O-O c5 10.Qc2 Nbd7 11.Rd1 Rc8 12.Qf5 g6 13.Qh3 Re8 14.dxc5 bxc5 15.Ng5 Nf8
16.Nge4 Qb6 17.Nxf6+ Bxf6 18.Nxd5 Bxd5 19.Bxd5 c4 20.Qg4 h5 21.Qf3 Re7 22.Be3 Qxb2
23.Rab1 Qe5 24.Rb5 Bg7 25.Bxc4 Qc3 26.Bb3 a6 27.Rb6 Qa5 28.Rdd6 Nd7 29.Rxg6 Ne5
30.Rxg7+  1-0

[Event "URS-ch U26"]
[Site "Jurmala"]
[Date "1983.??.??"]
[Round "?"]
[White "Novikov, Igor A"]
[Black "Shneider, Aleksandr"]
[Result "1/2-1/2"]
[WhiteElo "2385"]
[BlackElo "2460"]

1.d4 Nf6 2.c4 e6 3.Nf3 b6 4.Nc3 Bb7 5.a3 d5 6.cxd5 exd5 7.g3 Nbd7 8.Bf4 a6
9.Bg2 Be7 10.O-O O-O 11.Ne5 c5 12.Nxd7 Qxd7 13.Na4 Qe6 14.Qb3 Bc6 15.Qc2 cxd4
16.Nxb6 Rae8 17.Qd1 Bc5 18.Na4 Ba7 19.Bf3 Bb5 20.Rc1 Rc8 21.b4 Ne4 22.Rxc8 Rxc8
23.Nc5 Nxc5 24.Qxd4 Nd3 25.Qxa7 Nxf4 26.gxf4 Bxe2 27.Bxe2 Qxe2 28.Qe3 Qxe3
29.fxe3 Rc3 30.Rd1 Rxa3 31.Rxd5 g6 32.Kf2  1/2-1/2

[Event "Toth mem"]
[Site "Kecskemet"]
[Date "1983.??.??"]
[Round "?"]
[White "Barczay, Laszlo"]
[Black "Lukacs, Peter"]
[Result "1/2-1/2"]
[WhiteElo "2435"]
[BlackElo "2440"]

1.d4 Nf6 2.c4 e6 3.Nf3 b6 4.Nc3 Bb4 5.Qc2 Bb7 6.Bg5 h6 7.Bh4 O-O 8.a3 Bxc3+
9.Qxc3 d6 10.e3 Nbd7 11.Bd3 c5 12.Rd1 Rc8 13.d5 exd5 14.cxd5 Qc7 15.Bf5 Rb8
16.Bxd7 Nxd7 17.O-O  1/2-1/2

[Event "Toth mem"]
[Site "Kecskemet"]
[Date "1983.??.??"]
[Round "?"]
[White "Eslon, Jaan"]
[Black "Szekely, Peter"]
[Result "1/2-1/2"]
[WhiteElo "2430"]
[BlackElo "2440"]

1.d4 Nf6 2.c4 e6 3.Nf3 b6 4.Nc3 Bb4 5.Bg5 Bb7 6.Rc1 h6 7.Bxf6 Qxf6 8.e3 O-O
9.Bd3 d6 10.O-O Bxc3 11.Rxc3 c5 12.Bb1 Bxf3 13.gxf3 cxd4 14.Qxd4 Qxd4 15.exd4  1/2-1/2